书目信息 |
| 题名: |
面塑工艺实训教程
|
|
| 作者: | 林峰 主编 | |
| 分册: | ||
| 出版信息: | 北京 中国财富出版社 2013 |
|
| 页数: | 143页 | |
| 开本: | 26cm | |
| 丛书名: | 职业教育“十二五”规划烹饪专业系列教材 | |
| 单 册: | ||
| 中图分类: | TS972.114 | |
| 科图分类: | ||
| 主题词: | 面塑--装饰雕塑--职业教育--教材 , 面塑 , 装饰雕塑 | |
| 电子资源: | ||
| ISBN: | 978-7-5047-4758-7 | |
| 000 | 00902nam0 2200265 450 | |
| 001 | 123 | |
| 005 | 20160906084036.54 | |
| 010 | @a978-7-5047-4758-7@dCNY28.00 | |
| 100 | @a20131126d2013 em y0chiy50 ea | |
| 101 | 0 | @achi |
| 102 | @aCN@b110000 | |
| 105 | @aa z 000yy | |
| 200 | 1 | @a面塑工艺实训教程@b专著@f林峰主编@9mian su gong yi shi xun jiao cheng |
| 210 | @a北京@c中国财富出版社@d2013 | |
| 215 | @a143页@c图@d26cm | |
| 225 | 2 | @a职业教育“十二五”规划烹饪专业系列教材 |
| 330 | @a本书实训品种从盘式面塑、禽鸟面塑、卡通面塑、动物面塑、人物面塑等实训作品为主;书中还把收集整理的面塑发展、历史,工艺美术、雕塑等方面相关知识编入书中。 | |
| 410 | 0 | @12001 |
| 606 | 0 | @a面塑@x装饰雕塑@x职业教育@j教材 |
| 606 | 0 | @a面塑 |
| 606 | 0 | @a装饰雕塑 |
| 690 | @aTS972.114@v5 | |
| 701 | 0 | @a林峰@c(烹饪)@4主编@9lin feng |
| 801 | 0 | @aCN@b唐山师范学院图书馆@c20160720 |
| 905 | @aZUCC@dTS972.114@e381 | |
| 面塑工艺实训教程/林峰主编.-北京:中国财富出版社,2013 |
| 143页:图;26cm.-(职业教育“十二五”规划烹饪专业系列教材) |
| ISBN 978-7-5047-4758-7:CNY28.00 |
| 本书实训品种从盘式面塑、禽鸟面塑、卡通面塑、动物面塑、人物面塑等实训作品为主;书中还把收集整理的面塑发展、历史,工艺美术、雕塑等方面相关知识编入书中。 |
| ● |
| 相关链接 |
|
|
|
|
正题名:面塑工艺实训教程
索取号:TS972.114/381
 
预约/预借
| 序号 | 登录号 | 条形码 | 馆藏地/架位号 | 状态 | 备注 |
| 1 | 900501 | 209005011 | 第二样本阅览室/ [索取号:TS972.114/381] | 在馆 | |
| 2 | 900502 | 209005020 | 第三借阅区/ [索取号:TS972.114/381] | 在馆 | |
| 3 | 900503 | 209005039 | 第三借阅区/ [索取号:TS972.114/381] | 在馆 | |
| 4 | 900504 | 209005048 | 第三借阅区/ [索取号:TS972.114/381] | 在馆 | |
| 5 | 900505 | 209005057 | 第三借阅区/ [索取号:TS972.114/381] | 在馆 |